| 000 | 01011nam a2200313 a 4500 | ||
|---|---|---|---|
| 999 |
_c7531 _d7531 |
||
| 001 | 991018693249706706 | ||
| 003 | OSt | ||
| 005 | 20211213112225.0 | ||
| 008 | 151027s2015 sp a||| |||| 000 0bspa|c | ||
| 020 | _a9788487641497 | ||
| 035 | _a(ES-BaCBU)b64190791-34csuc_network | ||
| 035 | _a(ES-BaCBU).b64190791 | ||
| 035 | _a(ccuc001)b64190791 | ||
| 035 | _a(OCoLC)1120408311 | ||
| 040 |
_aES-BaCBU _bcat _cCDMR |
||
| 080 | _ae-sp--- | ||
| 100 | 1 | _aMárquez Padorno, Margarita. | |
| 245 | 1 | 0 |
_aMiguel Moya Ojanguren (1856-1920) : _btalento, voluntad y reforma en la prensa española / _cMargarita Márquez Padorno |
| 260 |
_a[Madrid] : _bAPM, _c2015 |
||
| 300 |
_a232 p., [16] p. de làm. : _bil. ; _c24 cm |
||
| 490 | 1 |
_aMemoria ; _v14 |
|
| 600 | 1 | 4 | _aMoya, Miguel |
| 610 | 2 | 0 |
_987 _aAsociación de la Prensa de Madrid _xHistoria |
| 830 | 0 |
_aMemoria (APM) ; _v14 |
|
| 907 |
_a.b64190791 _b11-12-19 _c27-10-15 _d27-10-15 _em _fa _g- _hspa _isp _j0 _k0 |
||
| 908 | _aUAB | ||
| 940 | _aCVA7 | ||
| 942 |
_2udc _cMON |
||